| Поле | Инд. | ПП | Название | Значение |
|---|---|---|---|---|
| Тип записи | a | |||
| Библиографический уровень | m | |||
| 001 | Контрольный номер | b8453ee8-26cf-40d7-a50c-2b5e04e184d3 | ||
| 005 | Дата корректировки | 20250424155913.8 | ||
| 008 | Кодируемые данные | 990115 d | ||
| 080 | a | Индекс УДК | 808.2 | |
| 084 | a | Индекс другой классификации/Индекс ББК | Ш141.12-3я9 | |
| 090 | c | Каталожный индекс | Ш141.12-3я9 | |
| x | Авторский знак | Л95 | ||
| a | Полочн. индекс | Ш141.12 | ||
| 100 | 1_ | a | Автор | Люстрова Зоя Николаевна |
| 245 | 00 | a | Заглавие | Беседы о русском слове |
| c | Ответственность | З.Н. Люстрова, Л.И. Скворцов, В.Я. Дерягин | ||
| 260 | 0_ | a | Место издания | Москва |
| b | Издательство | Знание | ||
| c | Дата издания | 1976 | ||
| 300 | a | Объем | 142,[2] с. | |
| 440 | _0 | a | Серия | Нар. ун-т. Фак. лит. и искусства |
| 500 | a | Примечание | Библиогр.: с.142. | |
| 650 | 04 | a | Основная рубрика | Русский язык |
| x | Основная подрубрика | Лексика | ||
| 653 | 0_ | a | Ключевые слова | Русский язык |
| a | Ключевые слова | Лексикология русского языка | ||
| 700 | 1_ | a | Другие авторы | Скворцов Лев Иванович |
| 700 | 1_ | a | Другие авторы | Дерягин Виктор Яковлевич |
| 920 | a | Оператор | Семен | |
| 952 | c | Вид литературы | К рн |